Places Britain Never Owned - Statistics

General Stats
  • This quiz has been taken 10 times
  • The average score is 9 of 15
Answer Stats
Hint Answer % Correct
Long Nation Chile
100%
Once ruled most of Asia Mongolia
100%
One of the Best countries at soccer Brazil
88%
Spanish Capital Madrid
88%
Llamas are from here Peru
88%
Highest State in USA Alaska
75%
Famous for cocaine Colombia
75%
City of cajun chicken New Orleans
63%
¨Highest¨ State in USA Colorado
50%
Where minecraft was invented Sweden
50%
This country has enough bunkers for its entire population Switzerland
38%
reason South Africa and Cuba went to war with eachother Angola
25%
Currently ruled by a crazy dictator Belarus
25%
City Los Santos is based off Los Angeles
25%
In the Commonwealth Mozambique
25%
No matching quizzes found
Score Distribution
Percent of People with Each Score
Percentile by Number Answered
Your Score History
You have not taken this quiz